भारतीय अर्थव्यस्था (Record no. 62377)
[ view plain ]
| 000 -LEADER | |
|---|---|
| fixed length control field | 00504nam a22001457a 4500 |
| 003 - CONTROL NUMBER IDENTIFIER | |
| control field | MACL |
| 005 - DATE AND TIME OF LATEST TRANSACTION | |
| control field | 20200312121243.0 |
| 008 - FIXED-LENGTH DATA ELEMENTS--GENERAL INFORMATION | |
| fixed length control field | 200312b xxu||||| |||| 00| 0 eng d |
| 040 ## - CATALOGING SOURCE | |
| Transcribing agency | MACL |
| 100 ## - MAIN ENTRY--PERSONAL NAME | |
| Personal name | दृष्टि पब्लिकेशन |
| 9 (RLIN) | 78592 |
| 245 ## - TITLE STATEMENT | |
| Title | भारतीय अर्थव्यस्था |
| 260 ## - PUBLICATION, DISTRIBUTION, ETC. (IMPRINT) | |
| Place of publication, distribution, etc. | दिल्ली |
| Name of publisher, distributor, etc. | दृष्टि पब्लिकेशन |
| Date of publication, distribution, etc. | 2020 |
| 650 ## - SUBJECT ADDED ENTRY--TOPICAL TERM | |
| Topical term or geographic name as entry element | अर्थव्यवस्था |
| 9 (RLIN) | 72371 |
| 942 ## - ADDED ENTRY ELEMENTS (KOHA) | |
| Source of classification or shelving scheme | |
| Koha item type | Hindi Books |
| Withdrawn status | Lost status | Source of classification or shelving scheme | Damaged status | Not for loan | Home library | Current library | Date acquired | Cost, normal purchase price | Total Checkouts | Total Renewals | Full call number | Barcode | Date last seen | Date last checked out | Price effective from | Koha item type |
|---|---|---|---|---|---|---|---|---|---|---|---|---|---|---|---|---|
| MACL | MACL | 12/03/2020 | 330.00 | 6 | 330 | GCLC00335 | 01/01/2023 | 18/12/2022 | 12/03/2020 | Hindi Books | ||||||
| MACL | MACL | 12/03/2020 | 330.00 | 5 | 330 | GCLC00334 | 11/10/2022 | 11/10/2022 | 12/03/2020 | Hindi Books | ||||||
| MACL | MACL | 12/03/2020 | 330.00 | 4 | 330 | GCLC00333 | 01/08/2025 | 23/07/2025 | 12/03/2020 | Hindi Books |









